00710nam a2200181 a 450000100100000000500170001000800410002704000250006808200150009311000850010824501010019326000370029430000240033171000340035504900090038995201130039899900170051100002684120200930030437.0110325s19uu dr 000 0 spa d aDO-SdBNPbspacBNPHU axxxbR299d1 aRepública Dominicana.bOficina Nacional de Administración de Personal.9844110aManual de clasificación de puestos del Instituto Nacional de Aguas Potables y Alcantarillados. aSanto Domingo :bONAP,c[19--?]. a[219 p. ] ;c28 cm.2 aSecretariado Técnico953961 aBNPD 0010718PDaPDbPDcCTd2011-03-25iLF1l0oxxx R299dp26841-10r2020-06-25w2020-06-25yLFPDZNo se presta c26333d26333